000 00584nam a2200241Ia 4500
003 OSt
005 20221005122918.0
006 a|||||r|||| 00| 0
007 ta
008 221004b |||||||| |||| 00| 0 tam d
024 _a48862
037 _cTextual
040 _aCRL
_cCRL
_btam
041 _2tam
_atam
082 _aO31,1NVEI,1, K7
100 _aVelliyankaian
_9632815
245 0 _aKavinjan
260 _c1967
300 _a144
_ccm.
650 _aTAMIL POETRY
942 _hO31,1NVEI,1, K7
_cTEXL
_2cc
999 _c1045775
_d1045775